Loading...
| Beliefs | 8 | 13.75 | 1,350% | 300% | 300% |
| Current Events | 2 | 15.00 | 1,800% | 300% | 300% |
| Fine Arts - Auditory | 4 | 12.50 | 900% | 150% | 450% |
| Fine Arts - Visual | 2 | 10.00 | 0% | 300% | 300% |
| Geography | 1 | 10.00 | 3,600% | 0% | 0% |
| History - American | 1 | 20.00 | 3,600% | 600% | 0% |
| History - European | 6 | 11.67 | 2,400% | 200% | 100% |
| History - World | 2 | 10.00 | 1,800% | 300% | 0% |
| Literature - American | 2 | 5.00 | 0% | 300% | 0% |
| Literature - British | 5 | 6.00 | 720% | 240% | 0% |
| Literature - European | 4 | 10.00 | 0% | 150% | 450% |
| Literature - World | 1 | 20.00 | 0% | 600% | 600% |
| Other Arts: Auditory | 1 | 0.00 | 0% | 0% | 0% |
| Other Arts: Visual | 1 | 10.00 | 0% | 600% | 0% |
| Other Science: Computer Science | 1 | 20.00 | 3,600% | 600% | 0% |
| Other Science: Earth Science | 2 | 5.00 | 1,800% | 0% | 0% |
| Other Science: Math | 1 | 20.00 | 3,600% | 0% | 600% |
| Philosophy | 5 | 14.00 | 2,880% | 120% | 240% |
| Science - Biology | 6 | 11.67 | 1,200% | 200% | 300% |
| Science - Chemistry | 2 | 10.00 | 0% | 600% | 0% |
| Science - Physics | 3 | 10.00 | 1,200% | 400% | 0% |
| Social Science | 1 | 10.00 | 0% | 0% | 600% |
| 10 | 10.00 | 1,440% | 120% | 240% |